<?xml version="1.0" encoding="UTF-8"?>
<record
    xmlns:xsi="http://www.w3.org/2001/XMLSchema-instance"
    xsi:schemaLocation="http://www.loc.gov/MARC21/slim http://www.loc.gov/standards/marcxml/schema/MARC21slim.xsd"
    xmlns="http://www.loc.gov/MARC21/slim">

  <leader>00570nam a22001697a 4500</leader>
  <controlfield tag="005">20260205101740.0</controlfield>
  <controlfield tag="008">260205b        |||||||| |||| 00| 0 eng d</controlfield>
  <datafield tag="020" ind1=" " ind2=" ">
    <subfield code="a">978-94-6351-210-7</subfield>
  </datafield>
  <datafield tag="050" ind1=" " ind2=" ">
    <subfield code="a">QA 11 .M38 2018</subfield>
  </datafield>
  <datafield tag="100" ind1=" " ind2=" ">
    <subfield code="a">HUNTER, ROBERT</subfield>
  </datafield>
  <datafield tag="245" ind1=" " ind2=" ">
    <subfield code="a">MATHEMATICAL DISCOURSE THAT BREAKS BARRIERS AND CREATES SPACE FOR MARGINALIZED LEARNERS.</subfield>
  </datafield>
  <datafield tag="260" ind1=" " ind2=" ">
    <subfield code="a">ROTTERDAM,</subfield>
    <subfield code="b">SENSE PUBLISHERS,</subfield>
    <subfield code="c">2018</subfield>
  </datafield>
  <datafield tag="300" ind1=" " ind2=" ">
    <subfield code="a">x, 293 P, ILL</subfield>
  </datafield>
  <datafield tag="650" ind1=" " ind2=" ">
    <subfield code="a">MATHEMATICS-  STUDY AND TEACHING.</subfield>
  </datafield>
  <datafield tag="700" ind1=" " ind2=" ">
    <subfield code="a">CIVIL, MARTA .  HERBEL-EISENMANN, BETH.    PLANAS, NURIA</subfield>
  </datafield>
  <datafield tag="942" ind1=" " ind2=" ">
    <subfield code="2">lcc</subfield>
    <subfield code="c">BK</subfield>
  </datafield>
  <datafield tag="999" ind1=" " ind2=" ">
    <subfield code="c">216548</subfield>
    <subfield code="d">216548</subfield>
  </datafield>
  <datafield tag="952" ind1=" " ind2=" ">
    <subfield code="0">0</subfield>
    <subfield code="1">0</subfield>
    <subfield code="2">lcc</subfield>
    <subfield code="4">0</subfield>
    <subfield code="6">QA0011 M38  02018</subfield>
    <subfield code="7">0</subfield>
    <subfield code="8">SCT</subfield>
    <subfield code="9">375028</subfield>
    <subfield code="a">KSUL</subfield>
    <subfield code="b">KSUL</subfield>
    <subfield code="c">DISPLAY</subfield>
    <subfield code="d">2026-02-05</subfield>
    <subfield code="i">111464</subfield>
    <subfield code="l">0</subfield>
    <subfield code="o">QA 11 .M38 2018</subfield>
    <subfield code="p">50478</subfield>
    <subfield code="r">2026-02-05 10:24:42</subfield>
    <subfield code="t">1</subfield>
    <subfield code="w">2026-02-05</subfield>
    <subfield code="y">BK</subfield>
  </datafield>
  <datafield tag="952" ind1=" " ind2=" ">
    <subfield code="0">0</subfield>
    <subfield code="1">0</subfield>
    <subfield code="2">lcc</subfield>
    <subfield code="4">0</subfield>
    <subfield code="6">QA0011 M38  02018</subfield>
    <subfield code="7">0</subfield>
    <subfield code="8">SCT</subfield>
    <subfield code="9">375031</subfield>
    <subfield code="a">KSUL</subfield>
    <subfield code="b">KSUL</subfield>
    <subfield code="c">DISPLAY</subfield>
    <subfield code="d">2026-02-05</subfield>
    <subfield code="i">111465</subfield>
    <subfield code="l">0</subfield>
    <subfield code="o">QA 11 .M38 2018</subfield>
    <subfield code="p">50305</subfield>
    <subfield code="r">2026-02-05 10:30:12</subfield>
    <subfield code="t">2</subfield>
    <subfield code="w">2026-02-05</subfield>
    <subfield code="y">BK</subfield>
  </datafield>
  <datafield tag="952" ind1=" " ind2=" ">
    <subfield code="0">0</subfield>
    <subfield code="1">0</subfield>
    <subfield code="2">lcc</subfield>
    <subfield code="4">0</subfield>
    <subfield code="6">QA0011 M38  02018</subfield>
    <subfield code="7">0</subfield>
    <subfield code="8">SCT</subfield>
    <subfield code="9">375034</subfield>
    <subfield code="a">KSUL</subfield>
    <subfield code="b">KSUL</subfield>
    <subfield code="c">DISPLAY</subfield>
    <subfield code="d">2026-02-05</subfield>
    <subfield code="i">111466</subfield>
    <subfield code="l">0</subfield>
    <subfield code="o">QA 11 .M38 2018</subfield>
    <subfield code="p">50325</subfield>
    <subfield code="r">2026-02-05 10:30:00</subfield>
    <subfield code="t">3</subfield>
    <subfield code="w">2026-02-05</subfield>
    <subfield code="y">BK</subfield>
  </datafield>
  <datafield tag="952" ind1=" " ind2=" ">
    <subfield code="0">0</subfield>
    <subfield code="1">0</subfield>
    <subfield code="2">lcc</subfield>
    <subfield code="4">0</subfield>
    <subfield code="6">QA0011 M38  02018</subfield>
    <subfield code="7">0</subfield>
    <subfield code="8">SCT</subfield>
    <subfield code="9">375036</subfield>
    <subfield code="a">KSUL</subfield>
    <subfield code="b">KSUL</subfield>
    <subfield code="c">DISPLAY</subfield>
    <subfield code="d">2026-02-05</subfield>
    <subfield code="i">111467</subfield>
    <subfield code="l">0</subfield>
    <subfield code="o">QA 11 .M38 2018</subfield>
    <subfield code="p">50302</subfield>
    <subfield code="r">2026-02-05 10:30:00</subfield>
    <subfield code="t">3</subfield>
    <subfield code="w">2026-02-05</subfield>
    <subfield code="y">BK</subfield>
  </datafield>
</record>
